|
|
|
|
| LEADER |
01958nam a2200457 a 4500 |
| 001 |
EBC1608868 |
| 003 |
MiAaPQ |
| 005 |
20200520144314.0 |
| 006 |
m o d | |
| 007 |
cr cn||||||||| |
| 008 |
130830s2013 dcud sb 000 0 spa d |
| 020 |
|
|
|z 9781484391754
|
| 020 |
|
|
|z 9781484310830 (e-book)
|
| 035 |
|
|
|a (MiAaPQ)EBC1608868
|
| 035 |
|
|
|a (Au-PeEL)EBL1608868
|
| 035 |
|
|
|a (CaPaEBR)ebr10739518
|
| 035 |
|
|
|a (OCoLC)870245493
|
| 040 |
|
|
|a MiAaPQ
|c MiAaPQ
|d MiAaPQ
|
| 041 |
1 |
|
|a spa
|h eng
|
| 043 |
|
|
|a n------
|a cl-----
|a cc-----
|
| 050 |
|
4 |
|a HC94
|b .P47 2013
|
| 245 |
0 |
0 |
|a Perspectivas economicas
|h [electronic resource] .
|p Las Americas :
|b Tiempo de reforzar las defensas macroeconomicas. Mayo 13.
|
| 246 |
3 |
|
|a Perspectivas economicas.
|p Las Americas :
|b Tiempo de reforzar las defensas macroeconomicas. Mayo [2013]
|
| 260 |
|
|
|a Washington, D.C. :
|b Fondo Monetario Internacional,
|c 2013.
|
| 300 |
|
|
|a viii, 67 p. :
|b col. ill.
|
| 440 |
|
0 |
|a Estudios economicos y financieros,
|x 0258-7440
|
| 500 |
|
|
|a Spanish translation of: Regional economic outlook: Western Hemisphere: time to rebuild.
|
| 504 |
|
|
|a Includes bibliographical references.
|
| 533 |
|
|
|a Electronic reproduction. Ann Arbor, MI : ProQuest, 2015. Available via World Wide Web. Access may be limited to ProQuest affiliated libraries.
|
| 650 |
|
0 |
|a Economic forecasting
|z North America.
|
| 650 |
|
0 |
|a Economic forecasting
|z Latin America.
|
| 650 |
|
0 |
|a Economic forecasting
|z Caribbean Area.
|
| 650 |
|
0 |
|a Economic development
|z North America.
|
| 650 |
|
0 |
|a Economic development
|z Latin America.
|
| 650 |
|
0 |
|a Economic development
|z Caribbean Area.
|
| 651 |
|
0 |
|a North America
|x Economic conditions.
|
| 651 |
|
0 |
|a Latin America
|x Economic conditions.
|
| 651 |
|
0 |
|a Caribbean Area
|x Economic conditions.
|
| 655 |
|
4 |
|a Electronic books.
|
| 710 |
2 |
|
|a ProQuest (Firm)
|
| 856 |
4 |
0 |
|u https://ebookcentral.proquest.com/lib/matrademy/detail.action?docID=1608868
|z Click to View
|